[Event "NED-ch U12 op"]
[Site "Borne"]
[Date "2013.08.10"]
[Round "12"]
[White "Dinh, Remy"]
[Black "Waardenburg, Marlinde"]
[Result "0-1"]
[WhiteElo "641"]
[BlackElo "877"]
[PlyCount "56"]
[EventDate "2013.08.05"]
[EventType "swiss"]
[EventRounds "13"]
[EventCountry "NED"]
[SourceTitle "EXT 2015"]
[Source "ChessBase"]
[SourceDate "2014.11.20"]
[SourceVersion "1"]
[SourceVersionDate "2014.11.20"]
[SourceQuality "1"]

1. e4 e5 2. Nf3 Nc6 3. Bc4 Bc5 4. d3 h6 5. Be3 Bb6 6. Nc3 d6 7. 0-0 Bg4 8. Nd5 Nf6 9. h3 Bh5 10. Re1 0-0 11. c3 Na5 12. Bb3 Nxb3 13. axb3 c6 14. Nxb6 axb6 15. Rxa8 Qxa8 16. Bxb6 c5 17. Bc7 Qa6 18. d4 Nd7 19. dxe5 Nxe5 20. Nxe5 Bxd1 21. Nd7 Re8 22. Rxd1 Rxe4 23. Rxd6 Re1+ 24. Kh2 Qe2 25. Nxc5 Qe5+ 26. g3 Qxc5 27. Rd8+ Kh7 28. Bb8 Qxf2# 0-1

[Event "NED-ch U12 op"]
[Site "Borne"]
[Date "2013.08.10"]
[Round "13"]
[White "Verbrugge, Luc"]
[Black "Dinh, Remy"]
[Result "0-1"]
[WhiteElo "656"]
[BlackElo "641"]
[PlyCount "66"]
[EventDate "2013.08.05"]
[EventType "swiss"]
[EventRounds "13"]
[EventCountry "NED"]
[SourceTitle "EXT 2015"]
[Source "ChessBase"]
[SourceDate "2014.11.20"]
[SourceVersion "1"]
[SourceVersionDate "2014.11.20"]
[SourceQuality "1"]

1. e4 e5 2. Nf3 Nc6 3. Nc3 Nf6 4. Bc4 Bc5 5. d3 d6 6. 0-0 0-0 7. Bg5 Bg4 8. h3 Bh5 9. Nd5 Nd4 10. Nxf6+ Kh8 11. Nxh7 Qd7 12. Nxf8 Rxf8 13. c3 Bxf3 14. Qd2 Be2 15. Bh6 Nf3+ 16. gxf3 Bxf1 17. Kxf1 Qxh3+ 18. Ke1 Qh1+ 19. Ke2 Qxa1 20. Qc1 Qxc1 21. Bxc1 c6 22. Be3 Bxe3 23. fxe3 d5 24. Bb3 f6 25. d4 dxe4 26. fxe4 Rb8 27. dxe5 fxe5 28. Be6 b5 29. b3 g5 30. a3 Rb6 31. a4 Kg7 32. axb5 Rxb5 33. Bc4 c5 0-1